000 00886nam0a22002411 4500
001 v19\rc\1744116
005 20260406181705.0
035 _a(NLR Aleph) 004850344
090 _a4914592
_c4914592
100 _a20061204d1902 |||y0rusy50 ca
101 0 _arus
102 _aRU
105 _ay z |||||
200 1 _aИнструкция по страхованию имуществ от огня
_eГосподам агентам Ковен. земледельч. о-ва взаимного страхования
_e[Проект]
210 _aКовно
_d1902
215 _a87 с.
710 0 2 _aКовенское земледельческое о-во взаимного страхования
_9388669
_3RU\NLR\AUTH\889946543
801 0 _aRU
_bNLR
_gpsbo
801 0 _aRU
_bRuMoRGB
_2psbo
801 1 _aRU
_bProSoft-M
_2rusmarc
852 _aNLR
_j34.83.3.230
942 _cBOOK
980 _aNB